000 02709nam1a22004091i 4500
001 v19\rc\1555078
005 20260406150510.0
035 _a(NLR Aleph) 004669048
090 _a3653081
_c3653081
100 _a20060620d18901914|||y0rusy50 ca
101 0 _arus
102 _aRU
105 _a z |||||
200 1 _aОтчет по Минусинскому Мартьяновскому музею, состоящему под покровительством Императорской Академии наук и по Общественной библиотеке...
210 _aМинусинск
_d1890-1914
215 _d20
300 _aЗагл. отчетов за 1889-1892 гг.: Отчеты по Минусинскому местному музею и Общественной библиотеке; за 1893-1901-1904 гг.: Отчет по Минусинскому местному музею и Общественной библиотеке; за 1905-1907 гг.: Отчет по Минусинскому городскому Мартьяновскому музею и Общественной библиотеке; за 1908/9-1912 гг.: Отчет по Минусинскому Мартьяновскому музею и Общественной библиотеке
300 _aМесто изд. отчетов: за 1895 г.: Красноярск; за 1906-1907 гг.: Канск
517 0 _aОтчеты по Минусинскому местному музею и Общественной библиотеке
517 0 _aОтчет по Минусинскому местному музею и Общественной библиотеке
517 0 _aОтчет по Минусинскому городскому Мартьяновскому музею и Общественной библиотеке
517 0 _aОтчет по Минусинскому Мартьяновскому музею и Общественной библиотеке
710 0 2 _aМинусинский Мартьяновский музей
_9347689
_3RU\NLR\AUTH\889925938
712 0 2 _aМинусинская гор. общественная библиотека
801 0 _aRU
_bNLR
_gpsbo
801 0 _aRU
_bRuMoRGB
_2psbo
801 1 _aRU
_bProSoft-M
_2rusmarc
852 _aNLR (1889-1913)
_jШифры разные
899 _aRuMoRGB (1890-1913*)
_jРб 47/155
899 _aRuMoRGB (1890-1913*)
_jA 183/1681
899 _aRuMoRGB (1890-1913*)
_jO 52/230
899 _aRuMoRGB (1890-1913*)
_jV 63/336
899 _aНБ СПбГУ (1891-1911*)
899 _aГПИБ (1894-1909*)
899 _aНБ МГУ (1901-1904*)
899 _aБАН (1889-1913*)
942 _cBOOK